| 000 -LEADER |
| fixed length control field |
nam a22 a 4500 |
| 003 - CONTROL NUMBER IDENTIFIER |
| control field |
AKMAL |
| 005 - DATE AND TIME OF LATEST TRANSACTION |
| control field |
20170511153509.0 |
| 008 - FIXED-LENGTH DATA ELEMENTS--GENERAL INFORMATION |
| fixed length control field |
170511s2003 my e i 001 0 may d |
| 020 ## - INTERNATIONAL STANDARD BOOK NUMBER |
| International Standard Book Number |
9676114731 (kkt.) : |
| Terms of availability |
RM24.00 |
| 039 #9 - LEVEL OF BIBLIOGRAPHIC CONTROL AND CODING DETAIL [OBSOLETE] |
| Level of rules in bibliographic description |
201305201008 |
| Level of effort used to assign nonsubject heading access points |
fadzli |
| Level of effort used to assign subject headings |
200806181705 |
| Level of effort used to assign classification |
farahini |
| Level of effort used to assign subject headings |
200805210838 |
| Level of effort used to assign classification |
fadilah |
| Level of effort used to assign subject headings |
200509170917 |
| Level of effort used to assign classification |
manoriah |
| 040 ## - CATALOGING SOURCE |
| Original cataloging agency |
AKMAL |
| Transcribing agency |
AKMAL |
| 049 00 - LOCAL HOLDINGS (OCLC) |
| Holding library |
pmaklpmal |
| 082 04 - DEWEY DECIMAL CLASSIFICATION NUMBER |
| Classification number |
338.04 MOH |
| Edition number |
21 |
| 090 00 - LOCALLY ASSIGNED LC-TYPE CALL NUMBER (OCLC); LOCAL CALL NUMBER (RLIN) |
| Classification number (OCLC) (R) ; Classification number, CALL (RLIN) (NR) |
338.04 |
| Local cutter number (OCLC) ; Book number/undivided call number, CALL (RLIN) |
MOH |
| 090 20 - LOCALLY ASSIGNED LC-TYPE CALL NUMBER (OCLC); LOCAL CALL NUMBER (RLIN) |
| Classification number (OCLC) (R) ; Classification number, CALL (RLIN) (NR) |
338.04 |
| Local cutter number (OCLC) ; Book number/undivided call number, CALL (RLIN) |
MOH |
| 100 0# - MAIN ENTRY--PERSONAL NAME |
| Personal name |
Muhammad Ali Haji Hashim |
| 9 (RLIN) |
3654 |
| 245 10 - TITLE STATEMENT |
| Title |
Bisnes satu cabaran jihad : |
| Remainder of title |
pembudayaan bisnes untuk survival / |
| Statement of responsibility, etc. |
Muhammad Ali Haji Hashim |
| 260 ## - PUBLICATION, DISTRIBUTION, ETC. |
| Place of publication, distribution, etc. |
Kuala Lumpur : |
| Name of publisher, distributor, etc. |
Utusan Publications & Distributors, |
| Date of publication, distribution, etc. |
2003 |
| 300 ## - PHYSICAL DESCRIPTION |
| Extent |
xx, 240ms. ; |
| Dimensions |
24cm. |
| 500 ## - GENERAL NOTE |
| General note |
Mengandungi indeks |
| 500 ## - GENERAL NOTE |
| General note |
Koleksi Peribadi YABhg. Tun Ahmad Sarji (2100524) |
| 504 ## - BIBLIOGRAPHY, ETC. NOTE |
| Bibliography, etc. note |
Mengandungi rujukan bibliografi |
| 650 #0 - SUBJECT ADDED ENTRY--TOPICAL TERM |
| Topical term or geographic name entry element |
Entrepreneurship |
| 9 (RLIN) |
3655 |
| 650 #0 - SUBJECT ADDED ENTRY--TOPICAL TERM |
| Topical term or geographic name entry element |
Success in business |
| 9 (RLIN) |
1084 |
| 942 ## - ADDED ENTRY ELEMENTS (KOHA) |
| Source of classification or shelving scheme |
|
| Koha item type |
Book |